An introduction to the scientific study of the soil, (Record no. 34985)

MARC details
000 -LEADER
fixed length control field 01010cam a2200313 4500
001 - CONTROL NUMBER
control field 3154142
003 - CONTROL NUMBER IDENTIFIER
control field OSt
005 - DATE AND TIME OF LATEST TRANSACTION
control field 20220416144825.0
008 - FIXED-LENGTH DATA ELEMENTS--GENERAL INFORMATION
fixed length control field 740226s1973 enka b 001 0 eng
010 ## - LIBRARY OF CONGRESS CONTROL NUMBER
LC control number 74155896
015 ## - NATIONAL BIBLIOGRAPHY NUMBER
National bibliography number GB73-25421
020 ## - INTERNATIONAL STANDARD BOOK NUMBER
International Standard Book Number 0713124075
-- 0713124083 (pbk.)
040 ## - CATALOGING SOURCE
Original cataloging agency DLC
Transcribing agency HU
Modifying agency DLC
050 00 - LIBRARY OF CONGRESS CALL NUMBER
Classification number S591
Item number .T65 1973
082 00 - DEWEY DECIMAL CLASSIFICATION NUMBER
Classification number 631.4
100 1# - MAIN ENTRY--PERSONAL NAME
Personal name Townsend, Wilfred Norman.
9 (RLIN) 35919
245 13 - TITLE STATEMENT
Title An introduction to the scientific study of the soil,
Statement of responsibility, etc. by W. N. Townsend.
250 ## - EDITION STATEMENT
Edition statement 5th. ed.
260 ## - PUBLICATION, DISTRIBUTION, ETC.
Place of publication, distribution, etc. London,
Name of publisher, distributor, etc. Edward Arnold,
Date of publication, distribution, etc. 1973.
300 ## - PHYSICAL DESCRIPTION
Extent vii, 209 p.
Other physical details illus.
Dimensions 23 cm.
350 ## - PRICE (NR) (BK AM CF MU VM SE) [OBSOLETE]
Price £4.80
500 ## - GENERAL NOTE
General note First-4th editions by N. M. Comber.
504 ## - BIBLIOGRAPHY, ETC. NOTE
Bibliography, etc. note Bibliography: p. 199-206.
650 #0 - SUBJECT ADDED ENTRY--TOPICAL TERM
Topical term or geographic name entry element Soil science.
9 (RLIN) 27607
700 1# - ADDED ENTRY--PERSONAL NAME
Personal name Comber, Norman Mederson,
Dates associated with a name 1888-1953.
Title of a work Introduction to the scientific study of the soil.
9 (RLIN) 35920
740 ## - ADDED ENTRY--UNCONTROLLED RELATED/ANALYTICAL TITLE
Uncontrolled related/analytical title Scientific study of the soil.
906 ## - LOCAL DATA ELEMENT F, LDF (RLIN)
a 7
b cbc
c orignew
d 3
e ncip
f 19
g y-gencatlg
942 ## - ADDED ENTRY ELEMENTS (KOHA)
Source of classification or shelving scheme Dewey Decimal Classification
Koha item type Books like text book referance book
Suppress in OPAC No
Holdings
Withdrawn status Lost status Source of classification or shelving scheme Damaged status Not for loan Collection code Home library Current library Shelving location Date acquired Total Checkouts Full call number Barcode Date last seen Copy number Price effective from Koha item type
    Dewey Decimal Classification     Reference Wondo Genet Library Wondo Genet Library General Stacks 04/16/2022   531.4 TOW 1973 WGCFNRL00019388 04/16/2022 1 04/16/2022 Books like text book referance book